I Can Fix Him (No Really I Can) lyrics - Statistics

General Stats
  • This quiz has been taken 10 times
  • The average score is 189 of 225
Answer Stats
Lyrics % Correct
a
100%
an
100%
and
100%
And
100%
can
100%
can't
100%
'em
100%
fix
100%
he
100%
He
100%
her"
100%
he's
100%
him,
100%
I
100%
like
100%
my
100%
no,
100%
No,
100%
on
100%
out
100%
really,
100%
tell
100%
The
100%
the
100%
their
100%
They
100%
to
100%
too
100%
were
100%
when
100%
doesn't
88%
far
88%
from
88%
"God,
88%
heads
88%
help
88%
his
88%
His
88%
jokes
88%
loud
88%
man
88%
mouth
88%
need
88%
of
88%
revolting
88%
sayin',
88%
shake
88%
train
88%
you
88%
your
88%
all
75%
be
75%
billows
75%
But
75%
cloud
75%
come
75%
could
75%
finger
75%
good
75%
Good
75%
had
75%
hadn't
75%
highway
75%
if
75%
it
75%
just
75%
lift
75%
Lord
75%
Maybe
75%
me
75%
me,
75%
night
75%
smoke
75%
so
75%
Texas
75%
that
75%
that's
75%
told
75%
you'll
75%
angel,
63%
away,
63%
bar
63%
boy,
63%
close
63%
dangerous
63%
didn't
63%
face
63%
for
63%
freight
63%
hand,
63%
handle
63%
Heaven
63%
highest
63%
I'll
63%
lane
63%
met
63%
mile
63%
only
63%
pistol,
63%
right,
63%
see
63%
shook
63%
show
63%
six
63%
through
63%
town
63%
Trust
63%
yet
63%
across
50%
calloused
50%
certain
50%
grade,
50%
halo
50%
hearts
50%
perfect
50%
set
50%
skill
50%
small
50%
traces
50%
brain
38%
case
38%
softly
38%
dopamine
25%
races
13%
No matching quizzes found
Score Distribution
Percent of People with Each Score
Percentile by Number Answered
Your Score History
You have not taken this quiz